[Event "Taubate op 2nd"]
[Site "Taubate"]
[Date "2021.12.19"]
[Round "6"]
[White "Kruger, Israel"]
[Black "Oliveira, Fernando Ventura"]
[Result "0-1"]
[WhiteElo "1883"]
[BlackElo "2044"]
[PlyCount "84"]
[EventDate "2021.12.16"]
[EventType "swiss"]
[EventRounds "6"]
[EventCountry "BRA"]
[SourceTitle "CBM 206 Extra"]
[Source "ChessBase"]
[SourceDate "2022.03.31"]
[SourceVersion "1"]
[SourceVersionDate "2022.03.31"]
[SourceQuality "1"]

1. e4 c5 2. Nc3 g6 3. d3 Nc6 4. Be3 d6 5. Nge2 Bg7 6. g3 Nd4 7. Bg2 h5 8. h3 Rb8 9. Qd2 Qa5 10. Bxd4 cxd4 11. Nd5 Qxd2+ 12. Kxd2 Bd7 13. c3 e6 14. Nb4 a5 15. Nc2 dxc3+ 16. bxc3 Ne7 17. Rab1 0-0 18. Ne3 Bc6 19. Nd4 Bxd4 20. cxd4 b5 21. Rhc1 f5 22. Ke1 g5 23. Rb2 f4 24. Nd1 b4 25. Rbc2 Bb5 26. Rc7 Rfc8 27. Rxc8+ Rxc8 28. Rxc8+ Nxc8 29. gxf4 gxf4 30. Kd2 Kg7 31. Nb2 Nb6 32. h4 a4 33. Kc2 a3 34. Nc4 Nxc4 35. dxc4 Bxc4 36. Kb1 Kg6 37. f3 Kf6 38. Bh3 Ke7 39. Bg2 Kd7 40. Bh3 Kc6 41. d5+ exd5 42. Be6 Bd3+ 0-1

[Event "Rio de Janeiro Estadual-ch"]
[Site "Rio de Janeiro"]
[Date "2021.11.13"]
[Round "1"]
[White "Oliveira, Fernando Ventura"]
[Black "Espinosa, Guilherme Vieira"]
[Result "1-0"]
[WhiteElo "2043"]
[BlackElo "1808"]
[PlyCount "51"]
[EventDate "2021.11.13"]
[EventType "swiss"]
[EventRounds "6"]
[EventCountry "BRA"]
[SourceTitle "CBM 205 Extra"]
[Source "ChessBase"]
[SourceDate "2022.01.31"]
[SourceVersion "1"]
[SourceVersionDate "2022.01.31"]
[SourceQuality "1"]

1. e4 e5 2. Nf3 Nf6 3. Nxe5 d6 4. Nf3 Nxe4 5. Nc3 Nxc3 6. dxc3 Be7 7. Be3 0-0 8. Qd2 Nc6 9. 0-0-0 Be6 10. c4 Bf6 11. h4 Ne5 12. Nxe5 dxe5 13. Qb4 Qe7 14. Bc5 Qd8 15. Bxf8 Qxf8 16. Qxf8+ Kxf8 17. Bd3 g6 18. b3 a5 19. a4 Bg7 20. h5 f5 21. f3 Re8 22. hxg6 hxg6 23. g4 e4 24. gxf5 exd3 25. fxe6 dxc2 26. Rde1 1-0

[Event "Araruama op 1st"]
[Site "Araruama"]
[Date "2021.06.06"]
[Round "6"]
[White "Oliveira, Fernando Ventura"]
[Black "De Souza, Brayan Lincoln Mene"]
[Result "1-0"]
[WhiteElo "2049"]
[BlackElo "1791"]
[PlyCount "65"]
[EventDate "2021.06.02"]
[EventType "tourn"]
[EventRounds "6"]
[EventCountry "BRA"]
[SourceTitle "CBM 203 Extra"]
[Source "ChessBase"]
[SourceDate "2021.09.30"]
[SourceVersion "1"]
[SourceVersionDate "2021.09.30"]
[SourceQuality "1"]

1. e4 e5 2. c4 Bc5 3. Nc3 Nf6 4. g3 c6 5. Bg2 d6 6. h3 Nbd7 7. Nge2 Nf8 8. 0-0 Be6 9. d3 Qd7 10. Kh2 h5 11. f4 Ng4+ 12. Kh1 f6 13. f5 Bf7 14. Qe1 a6 15. Nd1 0-0-0 16. Bf3 g6 17. Kg2 gxf5 18. exf5 Nh6 19. Bxh6 Rxh6 20. Qd2 Rh8 21. b4 d5 22. cxd5 Bxd5 23. bxc5 Bxf3+ 24. Rxf3 e4 25. Re3 Qxf5 26. Qb4 exd3 27. Rb1 b5 28. Nf4 d2 29. Qa5 Qxb1 30. Qxa6+ Kb8 31. Qb6+ Kc8 32. Qxc6+ Kb8 33. Ra3 1-0

[Event "Araruama op 1st"]
[Site "Araruama"]
[Date "2021.06.04"]
[Round "2"]
[White "Oliveira, Fernando Ventura"]
[Black "Amorim, Alice Maria dos San"]
[Result "1-0"]
[WhiteElo "2049"]
[BlackElo "1684"]
[PlyCount "47"]
[EventDate "2021.06.02"]
[EventType "tourn"]
[EventRounds "6"]
[EventCountry "BRA"]
[SourceTitle "CBM 203 Extra"]
[Source "ChessBase"]
[SourceDate "2021.09.30"]
[SourceVersion "1"]
[SourceVersionDate "2021.09.30"]
[SourceQuality "1"]

1. e4 e5 2. d4 Bd6 3. Bc4 Qe7 4. Nf3 h6 5. 0-0 Nf6 6. Nc3 0-0 7. Nh4 exd4 8. Ng6 Bxh2+ 9. Kxh2 Qc5 10. Nxf8 Qxc4 11. e5 Nd5 12. Nxd5 Qxd5 13. Re1 Kxf8 14. Qd3 Kg8 15. Qg3 Kh7 16. Bd2 d6 17. exd6 cxd6 18. Kg1 Nc6 19. Re8 Qf5 20. Bxh6 g6 21. Bg5 Kg7 22. Qh4 f6 23. Qh8+ Kf7 24. Qg8# 1-0

[Event "Campo Grande Fabom op 2nd"]
[Site "Campo Grande"]
[Date "2021.04.29"]
[Round "4"]
[White "De Souza, Brayan Lincoln Mene"]
[Black "Oliveira, Fernando Ventura"]
[Result "0-1"]
[WhiteElo "1954"]
[BlackElo "2183"]
[PlyCount "110"]
[EventDate "2021.04.08"]
[EventType "swiss"]
[EventRounds "6"]
[EventCountry "BRA"]
[SourceTitle "EXT 2022"]
[Source "ChessBase"]
[SourceDate "2021.10.06"]
[SourceVersion "1"]
[SourceVersionDate "2021.10.06"]
[SourceQuality "1"]

1. d4 Nf6 2. c4 e6 3. Nf3 d5 4. Nc3 Bb4 5. Qa4+ Nc6 6. Bg5 0-0 7. e3 Bd7 8. Qc2 Re8 9. Bd3 h6 10. Bf4 Nh5 11. 0-0 Nxf4 12. exf4 dxc4 13. Bxc4 Qf6 14. Qe4 Bd6 15. Ne5 Rad8 16. Bd3 g6 17. g3 a6 18. Qe3 Ne7 19. Rae1 Nf5 20. Bxf5 Qxf5 21. g4 Qf6 22. Ne4 Qe7 23. g5 Bxe5 24. fxe5 Bb5 25. Nf6+ Kh8 26. gxh6 Bxf1 27. Rxf1 Rc8 28. Nxe8 Rxe8 29. Rc1 c6 30. Qf4 Kh7 31. Rc3 Rd8 32. h4 Rd7 33. h5 g5 34. Qe4+ Kh8 35. a3 Qd8 36. Rc4 Qf8 37. Kg2 Qxh6 38. Rc3 Qh7 39. Qg4 Qf5 40. Qxf5 exf5 41. Rc4 Kg7 42. f4 Kh6 43. fxg5+ Kxh5 44. Kg3 Kxg5 45. Kf3 a5 46. Ke3 Rd8 47. Rc1 f4+ 48. Ke4 f5+ 49. exf6 Re8+ 50. Kf3 Re3+ 51. Kf2 Kxf6 52. Rc5 a4 53. Rc4 Kf5 54. Rxa4 Rh3 55. Ra5+ Kg4 0-1

[Event "Campo Grande Fabom op 2nd"]
[Site "Campo Grande"]
[Date "2021.04.15"]
[Round "2"]
[White "De Lucena, Evanildo Santos"]
[Black "Oliveira, Fernando Ventura"]
[Result "0-1"]
[WhiteElo "1498"]
[BlackElo "2183"]
[PlyCount "70"]
[EventDate "2021.04.08"]
[EventType "swiss"]
[EventRounds "6"]
[EventCountry "BRA"]
[SourceTitle "EXT 2022"]
[Source "ChessBase"]
[SourceDate "2021.10.06"]
[SourceVersion "1"]
[SourceVersionDate "2021.10.06"]
[SourceQuality "1"]

1. c4 g6 2. d3 Bg7 3. Nf3 d6 4. Nc3 f5 5. Bg5 Nf6 6. e3 0-0 7. Be2 c6 8. 0-0 Nbd7 9. h3 e5 10. Nh2 Qc7 11. f4 Qb6 12. Qd2 h6 13. Bh4 exf4 14. Bf2 Qc7 15. exf4 Re8 16. Bf3 Nf8 17. Rfe1 Be6 18. a3 Rad8 19. Qc2 b6 20. Rac1 Bf7 21. g3 Rxe1+ 22. Bxe1 d5 23. b3 dxc4 24. dxc4 Ne6 25. Bf2 Nd4 26. Bxd4 Rxd4 27. Bg2 Nh5 28. Ne2 Rd7 29. Nf3 Qd6 30. Ne5 Bxe5 31. fxe5 Qxe5 32. Bxc6 Qc5+ 33. Kh2 Qxc6 34. Rg1 Qe4 35. Qb2 Qe3 0-1

[Event "Sao Jose dos Pinhais U2200"]
[Site "Sao Jose dos Pinhais"]
[Date "2019.05.25"]
[Round "3"]
[White "Oliveira, Fernando Ventura"]
[Black "Da Silva, Juliano Roberto Ner"]
[Result "0-1"]
[WhiteElo "2069"]
[BlackElo "1867"]
[PlyCount "64"]
[EventDate "2019.05.24"]
[EventType "swiss"]
[EventRounds "7"]
[EventCountry "BRA"]
[SourceTitle "EXT 2020"]
[Source "ChessBase"]
[SourceDate "2019.10.17"]
[SourceVersion "1"]
[SourceVersionDate "2019.10.17"]
[SourceQuality "1"]

1. e4 e6 2. d4 d5 3. Nd2 Nf6 4. e5 Nfd7 5. Bd3 c5 6. c3 Nc6 7. Ne2 cxd4 8. cxd4 f6 9. Nf4 Nxd4 10. Qh5+ Ke7 11. Ng6+ hxg6 12. exf6+ Nxf6 13. Qxh8 Kf7 14. Qh4 Nf5 15. Bxf5 gxf5 16. 0-0 Bd7 17. Nf3 Bd6 18. Bf4 Qb8 19. Bxd6 Qxd6 20. Rfe1 Ne4 21. Rxe4 dxe4 22. Ng5+ Kg6 23. Qh7+ Kf6 24. Qh5 g6 25. Qh4 Kg7 26. Qh7+ Kf6 27. Qf7+ Kxg5 28. h4+ Kh6 29. h5 Be8 30. Qg8 gxh5 31. Rc1 Rd8 32. Rc3 Bg6 0-1

[Event "Parana-ch"]
[Site "Curitiba"]
[Date "2018.11.22"]
[Round "1"]
[White "De Oliveira, Wythor Rogerio"]
[Black "Oliveira, Fernando Ventura"]
[Result "0-1"]
[WhiteElo "1335"]
[BlackElo "2044"]
[PlyCount "58"]
[EventDate "2018.11.22"]
[EventType "swiss"]
[EventRounds "7"]
[EventCountry "BRA"]
[SourceTitle "CBM 187 Extra"]
[Source "ChessBase"]
[SourceDate "2018.11.04"]
[SourceVersion "1"]
[SourceVersionDate "2018.11.04"]
[SourceQuality "1"]

1. e4 c5 2. c3 d5 3. exd5 Qxd5 4. Nf3 Nc6 5. h3 Bf5 6. Bb5 Bxb1 7. Bxc6+ Qxc6 8. Rxb1 Qe4+ 9. Qe2 Qxb1 10. Qb5+ Kd8 11. 0-0 Qe4 12. d4 a6 13. Qb6+ Ke8 14. dxc5 Qc6 15. Qb3 Qb5 16. Qd5 e6 17. Qe4 Nf6 18. Qh4 Bxc5 19. Re1 Rd8 20. Ng5 Be7 21. Qg3 h6 22. Nf3 Kf8 23. Nd4 Rxd4 24. cxd4 Kg8 25. a4 Qd5 26. Qc3 Kh7 27. Qc2+ g6 28. Re5 Qxd4 29. Re2 Rd8 0-1

[Event "Curitiba Fexpar op 1st"]
[Site "Curitiba"]
[Date "2018.11.02"]
[Round "2"]
[White "Oliveira, Fernando Ventura"]
[Black "Da Silva, Joao Carlos Orguim"]
[Result "1-0"]
[WhiteElo "2044"]
[BlackElo "1751"]
[PlyCount "89"]
[EventDate "2018.11.02"]
[EventType "swiss"]
[EventRounds "7"]
[EventCountry "BRA"]
[SourceTitle "EXT 2020"]
[Source "ChessBase"]
[SourceDate "2019.10.17"]
[SourceVersion "1"]
[SourceVersionDate "2019.10.17"]
[SourceQuality "1"]

1. e4 c5 2. Nf3 Nc6 3. g3 e5 4. Bg2 Nge7 5. 0-0 d6 6. h3 h6 7. c3 g5 8. d4 Bg7 9. dxc5 dxc5 10. Qc2 Qc7 11. Be3 b6 12. Rd1 Be6 13. Na3 a6 14. b4 c4 15. b5 Na7 16. bxa6 0-0 17. Rab1 Nec8 18. Bf1 Rb8 19. Qa4 Nd6 20. Qb4 Nac8 21. a7 Qxa7 22. Nxc4 Nxc4 23. Bxc4 Bxh3 24. Rd2 Qc7 25. Ne1 Rd8 26. Rxd8+ Qxd8 27. Qb3 Qc7 28. Kh2 Bg4 29. f3 Bh5 30. g4 Bg6 31. Nc2 Bf8 32. Nb4 Bxb4 33. Qxb4 Nd6 34. Be2 b5 35. a4 f6 36. axb5 Bf7 37. b6 Qc6 38. Rd1 Nc4 39. Bxc4 Qxc4 40. Qxc4 Bxc4 41. Rd7 Be6 42. Rc7 Kf8 43. c4 Ke8 44. c5 Rc8 45. b7 1-0

[Event "Rio de Janeiro Estadual-ch"]
[Site "Rio de Janeiro"]
[Date "2018.09.29"]
[Round "5"]
[White "Oliveira, Fernando Ventura"]
[Black "Chaves, Jorge Antonio Torre"]
[Result "1-0"]
[WhiteElo "2055"]
[BlackElo "1949"]
[PlyCount "65"]
[EventDate "2018.09.22"]
[EventType "swiss"]
[EventRounds "6"]
[EventCountry "BRA"]
[SourceTitle "EXT 2020"]
[Source "ChessBase"]
[SourceDate "2019.10.17"]
[SourceVersion "1"]
[SourceVersionDate "2019.10.17"]
[SourceQuality "1"]

1. e4 e5 2. Nf3 Nc6 3. Bb5 a6 4. Ba4 Nf6 5. 0-0 d6 6. Re1 Bg4 7. c3 Be7 8. d3 0-0 9. Nbd2 b5 10. Bc2 Nh5 11. h3 Bd7 12. Nxe5 dxe5 13. Qxh5 f5 14. exf5 Rxf5 15. Bb3+ Kh8 16. Qe2 Qf8 17. Ne4 Re8 18. g4 Rf4 19. Bxf4 exf4 20. d4 Bh4 21. Qf3 Na5 22. Nc5 Bc6 23. Bd5 Bxd5 24. Qxd5 Nc4 25. Qh5 Bxf2+ 26. Kxf2 Re3 27. Qf5 Qd8 28. Rxe3 fxe3+ 29. Ke2 g6 30. Qd7 Qa8 31. Rg1 Nd2 32. Qf7 b4 33. Ne6 1-0

[Event "Rio de Janeiro Estadual-ch"]
[Site "Rio de Janeiro"]
[Date "2018.09.29"]
[Round "6"]
[White "Oliveira, Fernando Ventura"]
[Black "Da Cunha, Fabio Barbosa"]
[Result "0-1"]
[WhiteElo "2055"]
[BlackElo "2110"]
[PlyCount "98"]
[EventDate "2018.09.22"]
[EventType "swiss"]
[EventRounds "6"]
[EventCountry "BRA"]
[SourceTitle "EXT 2020"]
[Source "ChessBase"]
[SourceDate "2019.10.17"]
[SourceVersion "1"]
[SourceVersionDate "2019.10.17"]
[SourceQuality "1"]

1. d4 Nf6 2. c4 g6 3. Nc3 Bg7 4. e4 d6 5. Nf3 0-0 6. h3 e5 7. dxe5 dxe5 8. Qxd8 Rxd8 9. Nd5 Nxd5 10. cxd5 Nd7 11. Be3 Bf8 12. Rc1 Bd6 13. Bd3 Kg7 14. 0-0 b6 15. Nd2 Nc5 16. Bc4 f5 17. Bxc5 Bxc5 18. Bd3 f4 19. Nb3 Bd6 20. Bb5 Bd7 21. Bc6 Bxc6 22. Rxc6 g5 23. Rfc1 h5 24. f3 g4 25. hxg4 hxg4 26. fxg4 Kf6 27. Kf2 Kg5 28. Nd2 Kxg4 29. Nf3 Rh8 30. a3 a5 31. Nd2 Rh2 32. R1c3 Rg8 33. Nf3 Rh1 34. Rxc7 Bxc7 35. Rxc7 Rb1 36. Nxe5+ Kg5 37. Rc2 Re8 38. Nf3+ Kg4 39. e5 Rd1 40. d6 Kf5 41. Rc7 b5 42. Rf7+ Ke4 43. Ke2 Rd5 44. d7 Rg8 45. Kf2 Rc5 46. Rg7 Rc2+ 47. Ke1 Rh8 48. Ng5+ Ke3 49. Kd1 Rd2+ 0-1

[Event "Concordia op 4th"]
[Site "Concordia"]
[Date "2018.06.30"]
[Round "4"]
[White "Brito, Luismar Jorge"]
[Black "Oliveira, Fernando Ventura"]
[Result "1-0"]
[WhiteElo "2352"]
[BlackElo "2047"]
[PlyCount "103"]
[EventDate "2018.06.29"]
[EventType "swiss"]
[EventRounds "6"]
[EventCountry "BRA"]
[SourceTitle "EXT 2019"]
[Source "ChessBase"]
[SourceDate "2018.10.10"]
[SourceVersion "1"]
[SourceVersionDate "2018.10.10"]
[SourceQuality "1"]

1. Nc3 c5 2. Nf3 Nc6 3. d4 cxd4 4. Nxd4 Nf6 5. Bg5 e5 6. Ndb5 d6 7. Nd5 Be6 8. Nbc7+ Kd7 9. Bxf6 gxf6 10. Nxa8 Qa5+ 11. Nc3 Be7 12. e3 Rxa8 13. Qd3 f5 14. Qb5 Qxb5 15. Bxb5 a6 16. Ba4 b5 17. Bb3 Na5 18. 0-0-0 Nc4 19. Nd5 Bd8 20. Rd3 Rc8 21. Rhd1 Rc6 22. a4 e4 23. axb5 axb5 24. Bxc4 exd3 25. Bxd3 Bxd5 26. Bxb5 Ke6 27. Bxc6 Bxc6 28. f3 h5 29. Kd2 h4 30. h3 Bf6 31. b3 d5 32. Kd3 Kd6 33. c3 Kc5 34. Ra1 Bb5+ 35. Kd2 Be7 36. Ra8 Kd6 37. Rg8 Ke6 38. g3 hxg3 39. Rxg3 Bf1 40. b4 Bh4 41. Rg1 Bb5 42. Rg8 Bf6 43. Rb8 Bf1 44. b5 Kd7 45. b6 Be5 46. Rf8 Kc6 47. h4 f4 48. h5 fxe3+ 49. Kxe3 Kxb6 50. h6 Bxc3 51. h7 d4+ 52. Kf2 1-0

[Event "Concordia op 4th"]
[Site "Concordia"]
[Date "2018.06.30"]
[Round "3"]
[White "Oliveira, Fernando Ventura"]
[Black "Bittencourt, Jorge Humberto M"]
[Result "1/2-1/2"]
[WhiteElo "2047"]
[BlackElo "2427"]
[PlyCount "62"]
[EventDate "2018.06.29"]
[EventType "swiss"]
[EventRounds "6"]
[EventCountry "BRA"]
[SourceTitle "EXT 2019"]
[Source "ChessBase"]
[SourceDate "2018.10.10"]
[SourceVersion "1"]
[SourceVersionDate "2018.10.10"]
[SourceQuality "1"]

1. e4 c5 2. Nf3 d6 3. Bb5+ Bd7 4. Bxd7+ Qxd7 5. c4 Nf6 6. Nc3 g6 7. d4 cxd4 8. Nxd4 Bg7 9. f3 0-0 10. Be3 Nc6 11. 0-0 a6 12. Qd2 Rac8 13. b3 Nxd4 14. Bxd4 b5 15. Nd5 Nxd5 16. cxd5 Bxd4+ 17. Qxd4 Rc5 18. Rf2 Rfc8 19. Raf1 Qc7 20. g3 Rc2 21. Kg2 Qc5 22. Qxc5 R8xc5 23. Rxc2 Rxc2+ 24. Rf2 Rc3 25. Re2 Kg7 26. Kf2 Kf6 27. f4 e5 28. Re3 Rc1 29. Re2 g5 30. f5 g4 31. Ke3 Rc3+ 1/2-1/2

[Event "Florianopolis Winter U220 op"]
[Site "Florianopolis"]
[Date "2016.08.20"]
[Round "5"]
[White "Oliveira, Fernando Ventura"]
[Black "Klein, Luan Carlos"]
[Result "1-0"]
[WhiteElo "2084"]
[BlackElo "1772"]
[PlyCount "85"]
[EventDate "2016.08.19"]
[EventType "swiss"]
[EventRounds "7"]
[EventCountry "BRA"]
[SourceTitle "CBM 174 Extra"]
[Source "ChessBase"]
[SourceDate "2016.10.10"]
[SourceVersion "1"]
[SourceVersionDate "2016.10.10"]
[SourceQuality "1"]

1. e4 e6 2. d4 d5 3. Nd2 Nf6 4. e5 Nfd7 5. Bd3 c5 6. c3 Nc6 7. Ndf3 Be7 8. a3 c4 9. Bc2 b5 10. h4 a5 11. Bg5 a4 12. Qe2 Na5 13. Kf1 h6 14. Bf4 Bb7 15. Nd2 Nb3 16. Re1 Qb6 17. Qg4 Bf8 18. Nh3 0-0-0 19. Be3 g6 20. h5 g5 21. f4 f5 22. exf6 Nxf6 23. Qe2 g4 24. Nf2 Rg8 25. g3 Bd6 26. Rh4 Rdf8 27. Nxb3 axb3 28. Bg6 Rxg6 29. hxg6 h5 30. Bc1 Ne4 31. Nxe4 dxe4 32. Rxh5 Qc6 33. g7 Rg8 34. Rh8 Qe8 35. Rxg8 Qxg8 36. Qxg4 Kc7 37. Ke2 b4 38. Rh1 Bf8 39. Rh8 Qxg7 40. Qxg7+ Bxg7 41. Rh7 bxa3 42. Rxg7+ Kb6 43. bxa3 1-0

[Event "Florianopolis Winter U220 op"]
[Site "Florianopolis"]
[Date "2016.08.19"]
[Round "2"]
[White "Oliveira, Fernando Ventura"]
[Black "Kanzler, Karina Daniela"]
[Result "1-0"]
[WhiteElo "2084"]
[BlackElo "1824"]
[PlyCount "43"]
[EventDate "2016.08.19"]
[EventType "swiss"]
[EventRounds "7"]
[EventCountry "BRA"]
[SourceTitle "CBM 174 Extra"]
[Source "ChessBase"]
[SourceDate "2016.10.10"]
[SourceVersion "1"]
[SourceVersionDate "2016.10.10"]
[SourceQuality "1"]

1. e4 c6 2. d4 d5 3. Nc3 dxe4 4. Nxe4 Nf6 5. Ng3 Nbd7 6. Nf3 e6 7. Bd3 Bd6 8. Qe2 b6 9. Nf5 Bf8 10. Ng5 Qc7 11. g3 e5 12. Bf4 Nd5 13. dxe5 Bb4+ 14. c3 Nxc3 15. Nxg7+ Ke7 16. Nf5+ Kf8 17. Ne6+ fxe6 18. Bh6+ Ke8 19. Qh5+ Kd8 20. Bg5+ Nf6 21. Bxf6+ Be7 22. Nxe7 1-0

[Event "Curitiba op"]
[Site "Curitiba"]
[Date "2016.04.24"]
[Round "7"]
[White "Oliveira, Fernando Ventura"]
[Black "Matsuura, Frederico"]
[Result "0-1"]
[WhiteElo "2080"]
[BlackElo "2327"]
[PlyCount "144"]
[EventDate "2016.04.21"]
[EventType "swiss"]
[EventRounds "7"]
[EventCountry "BRA"]
[SourceTitle "CBM 172 Extra"]
[Source "ChessBase"]
[SourceDate "2016.06.21"]
[SourceVersion "1"]
[SourceVersionDate "2016.06.21"]
[SourceQuality "1"]

1. e4 e6 2. d3 d5 3. Nd2 c5 4. c3 Nc6 5. Ngf3 Bd6 6. g3 Nge7 7. Bg2 0-0 8. 0-0 Qc7 9. Re1 Bd7 10. Nf1 b5 11. Bd2 a5 12. Nh4 b4 13. f4 f6 14. Ne3 bxc3 15. bxc3 d4 16. Nc4 e5 17. f5 Nc8 18. a3 Be7 19. Qb3 a4 20. Qd1 Rb8 21. Rb1 Nb6 22. Nxb6 Rxb6 23. Qxa4 Rfb8 24. Qc4+ Kf8 25. Qa2 dxc3 26. Bxc3 Be8 27. Nf3 Bf7 28. Qc2 Qa7 29. Rxb6 Rxb6 30. Ra1 Rb3 31. Bf1 Rxa3 32. Rxa3 Qxa3 33. Qb2 Qa7 34. Kg2 Nb4 35. Bd2 Qa4 36. Be2 Be8 37. Be3 Bb5 38. Qc3 Na2 39. Qb2 c4 40. dxc4 Bxc4 41. Bxc4 Qxc4 42. Qb8+ Kf7 43. Qb7 Nc3 44. Qa7 Nxe4 45. Ng1 Nd6 46. Bc5 Nxf5 47. Bxe7 Nxe7 48. Kf2 Qd4+ 49. Qxd4 exd4 50. Kf3 Ke6 51. Ke4 Nc6 52. Ne2 f5+ 53. Kf3 Ke5 54. Nc1 Nb4 55. Nb3 g5 56. h3 h5 57. Nd2 g4+ 58. hxg4 hxg4+ 59. Ke2 f4 60. gxf4+ Kxf4 61. Kf2 g3+ 62. Kg2 Nd5 63. Kg1 Ne3 64. Kh1 d3 65. Kg1 Ke5 66. Nf3+ Kd5 67. Nd2 Kd4 68. Nf3+ Kc3 69. Kh1 d2 70. Nxd2 Kxd2 71. Kg1 Ke2 72. Kh1 g2+ 0-1

[Event "Curitiba op"]
[Site "Curitiba"]
[Date "2016.04.23"]
[Round "5"]
[White "Oliveira, Fernando Ventura"]
[Black "Almeida Junior, Alvaro Alves de"]
[Result "1/2-1/2"]
[WhiteElo "2080"]
[BlackElo "1892"]
[PlyCount "137"]
[EventDate "2016.04.21"]
[EventType "swiss"]
[EventRounds "7"]
[EventCountry "BRA"]
[SourceTitle "CBM 172 Extra"]
[Source "ChessBase"]
[SourceDate "2016.06.21"]
[SourceVersion "1"]
[SourceVersionDate "2016.06.21"]
[SourceQuality "1"]

1. e4 Nf6 2. d3 d5 3. Nd2 e5 4. g3 Be7 5. Bg2 0-0 6. c3 Nc6 7. Ngf3 dxe4 8. dxe4 Qd3 9. Bf1 Qd8 10. Qc2 a5 11. Bg2 Nd7 12. 0-0 Nc5 13. Rd1 Qd3 14. Qxd3 Nxd3 15. Nc4 Nxc1 16. Raxc1 Bg4 17. Ne3 Bxf3 18. Bxf3 Bg5 19. Rc2 Bxe3 20. fxe3 Rad8 21. Rd5 Rd6 22. a3 a4 23. c4 Ra8 24. Rcd2 Rad8 25. c5 Rxd5 26. exd5 Na5 27. Rc2 f5 28. e4 g6 29. g4 f4 30. g5 Kf8 31. Kg2 Ke7 32. Rc3 Nb3 33. Bd1 Nd2 34. Bc2 Ra8 35. Rh3 Rh8 36. d6+ cxd6 37. cxd6+ Ke6 38. d7 f3+ 39. Kf2 Kxd7 40. Bxa4+ Ke7 41. Bc2 Nc4 42. Rxf3 Rf8 43. Rxf8 Kxf8 44. b4 Nxa3 45. Bd3 Ke7 46. Ke3 Kd6 47. Kd2 Kc6 48. Be2 Nb5 49. Ke3 Nd4 50. Bc4 Kd6 51. Bg8 Ke7 52. Kf2 b5 53. Bd5 Ne6 54. h4 Nd4 55. Kg3 Kf8 56. Kg4 Nc2 57. Bc6 Nd4 58. Bb7 Kg7 59. Bc8 h6 60. Bb7 hxg5 61. Kxg5 Nf3+ 62. Kg4 Nd4 63. Kg3 Nc2 64. Bc6 Nxb4 65. Bxb5 Kf6 66. Kg4 Nd3 67. Be8 Nb4 68. h5 gxh5+ 69. Kxh5 1/2-1/2

[Event "Curitiba op"]
[Site "Curitiba"]
[Date "2016.04.22"]
[Round "3"]
[White "El Debs, Felipe de Cresce"]
[Black "Oliveira, Fernando Ventura"]
[Result "1-0"]
[WhiteElo "2510"]
[BlackElo "2080"]
[PlyCount "89"]
[EventDate "2016.04.21"]
[EventType "swiss"]
[EventRounds "7"]
[EventCountry "BRA"]
[SourceTitle "CBM 172 Extra"]
[Source "ChessBase"]
[SourceDate "2016.06.21"]
[SourceVersion "1"]
[SourceVersionDate "2016.06.21"]
[SourceQuality "1"]

1. d4 d5 2. c4 dxc4 3. e3 Nf6 4. Bxc4 e6 5. Nf3 c5 6. 0-0 a6 7. dxc5 Qxd1 8. Rxd1 Bxc5 9. Be2 Nc6 10. Nbd2 0-0 11. b3 b5 12. Bb2 Be7 13. a4 bxa4 14. Rxa4 Nd5 15. Rc1 Ndb4 16. Ne4 Rd8 17. Ba3 Rb8 18. h3 Rd5 19. Bb2 Ra5 20. Rxa5 Nxa5 21. Be5 Ra8 22. Nd4 Bb7 23. Nd6 Bd5 24. Rc7 f6 25. Rxe7 fxe5 26. Nxe6 Bxe6 27. Rxe6 Nbc6 28. Bxa6 g6 29. Bc4 Kg7 30. Ne4 Rc8 31. Bd5 Nb4 32. Re7+ Kh6 33. g4 g5 34. Rxe5 Nxd5 35. Rxd5 Nxb3 36. Rd6+ Kg7 37. Nxg5 Na5 38. Rd7+ Kg6 39. Nxh7 Nc6 40. f4 Nb8 41. Rb7 Rd8 42. Ng5 Nd7 43. Ne6 Rc8 44. Rxd7 Rc2 45. Ng5 1-0

[Event "Curitiba op"]
[Site "Curitiba"]
[Date "2016.04.21"]
[Round "2.14"]
[White "Martins, Sara Cristina Stach"]
[Black "Oliveira, Fernando Ventura"]
[Result "0-1"]
[WhiteElo "1769"]
[BlackElo "2080"]
[PlyCount "80"]
[EventDate "2016.04.21"]
[EventType "swiss"]
[EventRounds "7"]
[EventCountry "BRA"]
[SourceTitle "EXT 2022"]
[Source "ChessBase"]
[SourceDate "2021.10.06"]
[SourceVersion "1"]
[SourceVersionDate "2021.10.06"]
[SourceQuality "1"]

1. e4 c5 2. Nf3 g6 3. d3 Bg7 4. g3 Nc6 5. Bg2 d6 6. Nbd2 e5 7. Nf1 Nge7 8. Ne3 0-0 9. 0-0 h6 10. c3 Be6 11. a3 d5 12. exd5 Nxd5 13. Re1 f5 14. Nc4 e4 15. dxe4 Nxc3 16. Qxd8 Raxd8 17. bxc3 Bxc4 18. Bb2 f4 19. Rad1 Ne5 20. Nxe5 Bxe5 21. Bf1 Bb3 22. Rb1 c4 23. Bh3 Rd6 24. Bf1 Rd2 25. Re2 Rfd8 26. Rxd2 Rxd2 27. Bc1 Rd1 28. Bxf4 Rxb1 29. Bxe5 Bc2 30. Kg2 Bxe4+ 31. f3 Bxf3+ 32. Kf2 Bd5 33. h4 Rb3 34. Ke3 Rxa3 35. Kd4 Bf7 36. Bxc4 Ra4 37. Kd3 Bxc4+ 38. Ke3 Bd5 39. Bd4 b5 40. Kd2 a5 0-1

[Event "Curitiba op"]
[Site "Curitiba"]
[Date "2016.04.21"]
[Round "1"]
[White "Oliveira, Fernando Ventura"]
[Black "Perondi, Marcelo"]
[Result "1-0"]
[WhiteElo "2080"]
[BlackElo "1503"]
[PlyCount "71"]
[EventDate "2016.04.21"]
[EventType "swiss"]
[EventRounds "7"]
[EventCountry "BRA"]
[SourceTitle "CBM 172 Extra"]
[Source "ChessBase"]
[SourceDate "2016.06.21"]
[SourceVersion "1"]
[SourceVersionDate "2016.06.21"]
[SourceQuality "1"]

1. e4 d5 2. exd5 Qxd5 3. Nc3 Qa5 4. Bc4 Nf6 5. d4 c6 6. h3 Bf5 7. Nge2 e6 8. Bf4 Nbd7 9. a3 Be7 10. Bd3 Nd5 11. b4 Qd8 12. Nxd5 cxd5 13. Bxf5 exf5 14. Ng3 g6 15. Qf3 Nf6 16. 0-0 0-0 17. Bh6 Re8 18. Nxf5 Bf8 19. Bxf8 Kxf8 20. Ng3 Rc8 21. Rac1 Kg7 22. Qd3 Qc7 23. Qd2 Qc3 24. Qg5 Qc6 25. b5 Qb6 26. a4 Qd8 27. Rce1 Ne4 28. Nxe4 dxe4 29. Qd2 Rc4 30. c3 Qa5 31. Re3 Qxa4 32. f3 f5 33. fxe4 fxe4 34. Qf2 Qxb5 35. Qf6+ Kh6 36. Rf4 1-0

[Event "Florianopolis op 2nd"]
[Site "Florianopolis"]
[Date "2016.01.17"]
[Round "2"]
[White "Cardoso, Marcio de Lucca"]
[Black "Oliveira, Fernando Ventura"]
[Result "0-1"]
[WhiteElo "1853"]
[BlackElo "2091"]
[PlyCount "64"]
[EventDate "2016.01.16"]
[EventType "swiss"]
[EventRounds "10"]
[EventCountry "BRA"]
[SourceTitle "CBM 170 Extra"]
[Source "ChessBase"]
[SourceDate "2016.02.25"]
[SourceVersion "1"]
[SourceVersionDate "2016.02.25"]
[SourceQuality "1"]

1. d4 Nf6 2. c4 e6 3. Nc3 Bb4 4. a3 Bxc3+ 5. bxc3 c5 6. e3 b6 7. dxc5 bxc5 8. Nf3 Qc7 9. Bd3 0-0 10. 0-0 Nc6 11. Re1 Ba6 12. Qa4 Qa5 13. Qc2 d5 14. cxd5 Bxd3 15. Qxd3 exd5 16. Bd2 c4 17. Qc2 Rab8 18. Reb1 Rxb1+ 19. Rxb1 Rb8 20. Qc1 Ne4 21. Be1 Rb3 22. Nd4 Nxd4 23. cxd4 Qa4 24. f3 Nd6 25. Bb4 Nb5 26. e4 Nxd4 27. Qg5 Ne6 28. Qe7 dxe4 29. Rd1 Rd3 30. Rc1 e3 31. g3 e2 32. Kf2 Qc6 0-1